000
00285nam a2200121Ia 4500
008
231011s9999 xx 000 0 und d
041
_a
eng
100
_a
Gita Piramal
245
_a
Business Legends
250
_a
1st
260
_b
Penguin Books India Pvt Ltd -
_c
1999
365
_b
295
999
_c
887765
_d
887765